Who Am I? Authors Quiz Stats

 Plays Quiz Updated Feb 19, 2017

Support Sporcle.
Go Orange.
Score 0/24 Timer 06:00
1 Play Today
% Correct
Haruki Murakami
85.9%
Naguib Mahfouz
82.2%
Cao Xueqin
81.8%
Agatha Christie
80.5%
Fyodor Dostoyevsky
79.3%
Arthur Conan Doyle
72.8%
William Shakespeare
64%
Herman Melville
63.2%
Barbara Cartland
59.7%
Emily Dickinson
57%
W.B. Yeats
54.2%
Dashiell Hammett
53.7%
% Correct
Louis L'Amour
50.7%
J.M. Barrie
45.9%
Stephen King
44.7%
Gabriel García Márquez
44.3%
Cormac McCarthy
42.2%
Molière
39.9%
Bede
39.7%
Georges Simenon
36.5%
Margaret Atwood
35.6%
Sophocles
33.4%
Thomas Merton
29%
Grace Metalious
20%

From the Vault

Sort the Teams by Location: Ohio

by lolshortee

Sports 30s
Though they were a real NFL team 100 years ago, the Dayton Triangles are sadly absent from this quiz.
Remove Ads.
Support Sporcle.
Get the best of Sporcle when you Go Orange. This ad-free experience offers more features, more stats, and more fun while also helping to support Sporcle. Thank you for becoming a member.

Show Comments

Extras

Top Quizzes Today


Score Distribution

Your Account Isn't Verified!

In order to create a playlist on Sporcle, you need to verify the email address you used during registration. Go to your Sporcle Settings to finish the process.

Report this User

Report this user for behavior that violates our Community Guidelines.

Details: